Approach to modify branching habits- Its effects and potentials (Record no. 54455)

MARC details
000 -LEADER
fixed length control field 00388nam a2200121Ia 4500
100 ## - MAIN ENTRY--AUTHOR NAME
Personal name Yoon P K
245 #0 - TITLE STATEMENT
Title Approach to modify branching habits- Its effects and potentials
260 ## - PUBLICATION, DISTRIBUTION, ETC. (IMPRINT)
Name of publisher Proceedings of the RRIM Planters Conference, Kuala Lumpur, 1976; p143-176
700 ## - ADDED ENTRY--PERSONAL NAME
Personal name Leong W
700 ## - ADDED ENTRY--PERSONAL NAME
Personal name Mohd. Ghouse Bin Wanchick
942 ## - ADDED ENTRY ELEMENTS (KOHA)
Koha item type Journals
Holdings
Withdrawn status Lost status Damaged status Not for loan Home library Current library Shelving location Date acquired Koha item type
      Journals RRII Library RRII Library Botany 17/12/2021 Journals